15 Seconds - Countries of the World - Statistics

General Stats
  • This quiz has been taken 35 times
  • The average score is 11 of 196
Answers on the Map
Answers color-coded by a green-red scale on the quiz's map according to % correct below.
 
Answer Stats
Country % Correct
United States
78%
United Kingdom
74%
Russia
65%
China
57%
Canada
43%
France
39%
Japan
35%
Mexico
35%
Italy
30%
Spain
30%
United Arab Emirates
30%
Brazil
26%
Democratic Republic of the Congo
26%
Germany
26%
Sweden
26%
Republic of the Congo
22%
Cuba
17%
Dominican Republic
17%
India
17%
Norway
17%
Poland
17%
Ukraine
17%
Australia
13%
Egypt
13%
Estonia
13%
Finland
13%
Greece
13%
Ireland
13%
Peru
13%
Portugal
13%
Argentina
9%
Benin
9%
Chad
9%
Chile
9%
Denmark
9%
Fiji
9%
Iceland
9%
Iran
9%
Latvia
9%
Lithuania
9%
Mali
9%
Mongolia
9%
Niger
9%
Togo
9%
Algeria
4%
Austria
4%
Bolivia
4%
Colombia
4%
Central African Republic
4%
Dominica
4%
Ecuador
4%
Ghana
4%
Haiti
4%
Iraq
4%
Kazakhstan
4%
Laos
4%
Mauritania
4%
Moldova
4%
Nigeria
4%
Pakistan
4%
Paraguay
4%
Saudi Arabia
4%
South Africa
4%
Sudan
4%
Syria
4%
Turkey
4%
Uruguay
4%
Afghanistan
0%
Albania
0%
Andorra
0%
Angola
0%
Antigua and Barbuda
0%
Armenia
0%
Azerbaijan
0%
Bahamas
0%
Bahrain
0%
Bangladesh
0%
Barbados
0%
Belarus
0%
Belgium
0%
Belize
0%
Bhutan
0%
Bosnia and Herzegovina
0%
Botswana
0%
Brunei
0%
Bulgaria
0%
Burkina Faso
0%
Burundi
0%
Cambodia
0%
Cameroon
0%
Cape Verde
0%
Comoros
0%
Costa Rica
0%
Croatia
0%
Cyprus
0%
Czech Republic
0%
São Tomé and Príncipe
0%
Djibouti
0%
East Timor
0%
El Salvador
0%
Equatorial Guinea
0%
Eritrea
0%
Eswatini
0%
Ethiopia
0%
Federated States of Micronesia
0%
Gabon
0%
Gambia
0%
Georgia
0%
Grenada
0%
Guatemala
0%
Guinea
0%
Guinea-Bissau
0%
Guyana
0%
Honduras
0%
Hungary
0%
Indonesia
0%
Israel
0%
Ivory Coast
0%
Jamaica
0%
Jordan
0%
Kenya
0%
Kiribati
0%
Kosovo
0%
Kuwait
0%
Kyrgyzstan
0%
Lebanon
0%
Lesotho
0%
Liberia
0%
Libya
0%
Liechtenstein
0%
Luxembourg
0%
Madagascar
0%
Malawi
0%
Malaysia
0%
Maldives
0%
Malta
0%
Marshall Islands
0%
Mauritius
0%
Monaco
0%
Montenegro
0%
Morocco
0%
Mozambique
0%
Myanmar
0%
Namibia
0%
Nauru
0%
Nepal
0%
Netherlands
0%
New Zealand
0%
Nicaragua
0%
North Korea
0%
North Macedonia
0%
Oman
0%
Palau
0%
Panama
0%
Papua New Guinea
0%
Philippines
0%
Qatar
0%
Romania
0%
Rwanda
0%
Saint Kitts and Nevis
0%
Saint Lucia
0%
Saint Vincent and the Grenadines
0%
Samoa
0%
San Marino
0%
Senegal
0%
Serbia
0%
Seychelles
0%
Sierra Leone
0%
Singapore
0%
Slovakia
0%
Slovenia
0%
Solomon Islands
0%
Somalia
0%
South Korea
0%
South Sudan
0%
Sri Lanka
0%
Suriname
0%
Switzerland
0%
Taiwan
0%
Tajikistan
0%
Tanzania
0%
Thailand
0%
Tonga
0%
Trinidad and Tobago
0%
Tunisia
0%
Turkmenistan
0%
Tuvalu
0%
Uganda
0%
Uzbekistan
0%
Vanuatu
0%
Vatican City
0%
Venezuela
0%
Vietnam
0%
Yemen
0%
Zambia
0%
Zimbabwe
0%
No matching quizzes found
Score Distribution
Percent of People with Each Score
Percentile by Number Answered
Your Score History
You have not taken this quiz